| 000 | 00780nam a22002417a 4500 | ||
|---|---|---|---|
| 999 |
_c20013 _d20013 |
||
| 003 | AR-CdUCM | ||
| 008 | 190524b ||||| |||| 00| 0 spa d | ||
| 040 |
_aMUNICIPALIDAD PROVINCIAL DEL CUSCO _cBIBLIOTECA MUNICIPAL DEL CUSCO |
||
| 082 |
_a985.61 / _bC29 |
||
| 100 |
_aCastro, Ignacio de _941860 |
||
| 245 | _aRelación del Cuzco / | ||
| 260 |
_aLima : _bUNMSM, _c1978. |
||
| 300 |
_a190 páginas _c26 cm. |
||
| 505 | _aContenido: Idea de este escrito -- Imperio primitivo del Perú -- Estado antiguo de la ciudad del Cusco... | ||
| 650 |
_aAmerica _91348 |
||
| 650 |
_aPerú _92178 |
||
| 650 |
_aCusco _9772 |
||
| 650 |
_aNobleza _917134 |
||
| 650 |
_aCabildos _95645 |
||
| 700 |
_aValcárcel, Carlos Daniel (prólogo) _930499 |
||
| 942 |
_2ddc _cLIBROS |
||
| 945 | _aJavier | ||